art movements 1 - Statistics

General Stats
  • This quiz has been taken 65 times
  • The average score is 73 of 81
Answer Stats
Question Tile Select % Correct
Surrealism No
98%
Surrealism No
98%
Pointillism No
97%
Pointillism No
97%
Pointillism No
97%
Pointillism No
97%
Surrealism No
97%
Surrealism No
97%
Surrealism No
97%
Italian Futurism No
97%
Cubism No
97%
Cubism No
97%
Cubism No
97%
Cubism No
97%
Cubism No
97%
Cubism No
97%
Pop Art No
97%
Pop Art No
97%
Pop Art No
97%
Pop Art No
97%
Pop Art No
97%
Pop Art No
97%
Pop Art No
97%
Impressionism No
95%
Impressionism No
95%
Impressionism No
95%
Impressionism No
95%
Impressionism No
95%
Pointillism No
95%
Pointillism No
95%
Surrealism No
95%
Surrealism No
95%
Italian Futurism No
95%
Italian Futurism No
95%
Italian Futurism No
95%
Pop Art Yes
95%
Pop Art No
95%
Impressionism No
93%
Surrealism No
93%
Italian Futurism No
93%
Italian Futurism No
93%
Constructivism No
93%
Constructivism No
93%
Constructivism No
93%
Constructivism No
93%
Pointillism No
92%
Romanticism No
92%
Romanticism No
92%
Romanticism No
92%
Romanticism No
92%
Romanticism No
92%
Pre-Raphaelite No
92%
Romanticism No
90%
Cubism No
90%
Pre-Raphaelite No
90%
Pre-Raphaelite No
90%
Pre-Raphaelite No
90%
Pre-Raphaelite No
90%
Constructivism No
90%
Constructivism No
90%
Impressionism No
89%
Surrealism Yes
89%
Italian Futurism No
89%
Italian Futurism No
89%
Pre-Raphaelite No
89%
Pre-Raphaelite No
89%
Pointillism No
87%
Constructivism No
85%
Impressionism Yes
84%
Romanticism No
84%
Cubism No
84%
Impressionism No
82%
Pointillism Yes
80%
Cubism Yes
80%
Constructivism No
77%
Italian Futurism Yes
72%
Pre-Raphaelite No
69%
Romanticism No
66%
Constructivism Yes
64%
Romanticism Yes
61%
Pre-Raphaelite Yes
57%
No matching quizzes found
Score Distribution
Percent of People with Each Score
Percentile by Number Answered
Your Score History
You have not taken this quiz